Nunayude kshanikathakal thedi/ (Record no. 67804)

000 -LEADER
fixed length control field 00356nam a22001457a 4500
082 ## - DEWEY DECIMAL CLASSIFICATION NUMBER
Classification number M301
Item number MOH/N
100 ## - MAIN ENTRY--AUTHOR NAME
Personal name Mohanan N
245 ## - TITLE STATEMENT
Title Nunayude kshanikathakal thedi/
Statement of responsibility, etc by Mohanan N
260 ## - PUBLICATION, DISTRIBUTION, ETC. (IMPRINT)
Place of publication Kollam:
Name of publisher Sankeerthanam,
Year of publication 1998.
300 ## - PHYSICAL DESCRIPTION
Number of Pages 94p.
650 ## - SUBJECT ADDED ENTRY--TOPICAL TERM
Topical Term Stories Malayalam
650 ## - SUBJECT ADDED ENTRY--TOPICAL TERM
Topical Term Literature Malayalam
650 ## - SUBJECT ADDED ENTRY--TOPICAL TERM
Topical Term Literature
942 ## - ADDED ENTRY ELEMENTS (KOHA)
Koha item type Book
Holdings
Withdrawn status Lost status Damaged status Not for loan Permanent Location Current Location Shelving location Date acquired Cost, normal purchase price Full call number Accession Number Price effective from Koha item type
        Sree Sankaracharya University of Sanskrit Sree Sankaracharya University of Sanskrit Stacks 31.08.2017 75.00 M301 MOH/N 084974 31.08.2017 Book